000 01388nam a2200349 i 4500
003 DO-SdBNP
005 20250203134916.0
007 ta
008 240321s2021 dr 000 0 fre d
020 _a9789997000187
040 _aDO-SdBNP
_bspa
_cBNPHU
_erda
041 1 7 _afre
082 1 _axxx
_bA381p
_222
100 1 _aAlexandre, Guy
_eautor
_4aut.
_92057
245 1 0 _aPour Haïti. Pour la République Dominicaine :
_binterventions, positions et propositions pour une gestion responsable des relations bilatérales /
_cGuy Alexandre.
264 1 _aHaïti :
_bC3 editions,
_c2013.
300 _a333 páginas ;
_c22 cm.
336 _atexto
_btxt
_2rdacontent
337 _asin mediación
_bn
_2rdamedia
338 _avolumen
_bnc
_2rdacarrier
490 1 _aColección Bohio
500 _aIncluye datos biografícos del autor en la contraportada.
504 _aBibliografía : páginas 331-333
546 _aTitulo en español: Para Haití. Para la república dominicana: Intervenciones, posiciones y propuestas para una gestión responsable de las relaciones bilaterales.
590 _aInventariado, 2024/ YL
651 4 _aRepública Dominicana
_xEmigración E Inmigración
_9290
651 4 _aHaití
_xEmigración E Inmigración
_91425
651 4 _aRepública Dominicana
_xPoblación
_91423
651 4 _aHaití
_xPoblación
_91424
910 _aYLockward
942 _2ddc
_cLBS1
999 _c56173
_d56173